Street Lawyer (Record no. 222986)
[ view plain ]
| 000 -LEADER | |
|---|---|
| fixed length control field | 01579nam a22002057a 4500 |
| 005 - DATE AND TIME OF LATEST TRANSACTION | |
| control field | 20220518114941.0 |
| 008 - FIXED-LENGTH DATA ELEMENTS--GENERAL INFORMATION | |
| fixed length control field | 220518b ||||| |||| 00| 0 eng d |
| 020 ## - INTERNATIONAL STANDARD BOOK NUMBER | |
| International Standard Book Number | 0440225701 |
| 040 ## - CATALOGING SOURCE | |
| Transcribing agency | AL |
| 041 ## - LANGUAGE CODE | |
| Language code of text/sound track or separate title | English |
| 082 ## - DEWEY DECIMAL CLASSIFICATION NUMBER | |
| Edition number | 23 |
| Classification number | 813.54 |
| Item number | GRIS |
| 100 ## - MAIN ENTRY--PERSONAL NAME | |
| Personal name | John Grisham |
| 100 ## - MAIN ENTRY--PERSONAL NAME | |
| 9 (RLIN) | 37769 |
| 245 ## - TITLE STATEMENT | |
| Title | Street Lawyer |
| 260 ## - PUBLICATION, DISTRIBUTION, ETC. | |
| Place of publication, distribution, etc. | New York |
| Name of publisher, distributor, etc. | Dell Publishing |
| Date of publication, distribution, etc. | 1998 |
| 300 ## - PHYSICAL DESCRIPTION | |
| Extent | 452 p. |
| Other physical details | PB |
| Dimensions | 17.5x10.5 cm. |
| 520 ## - SUMMARY, ETC. | |
| Summary, etc. | He gave up the money. He gave up the power. Now all he has left is the law.<br/>Michael Brock is billing the hours, making the money, rushing relentlessly to the top of Drake & Sweeney, a giant D.C. law firm. One step away from partnership, Michael has it all. Then, in an instant, it all comes undone.<br/>A homeless man takes nine lawyers hostage in the firm's plush offices. When it is all over, the man's blood is splattered on Michael's face--and suddenly Michael is willing to do the unthinkable. Rediscovering a conscience he lost long ago, Michael is leaving the big time for the streets where his attacker once lived--and where society's powerless need an advocate for justice.<br/><br/>But there's one break Michael can't make: from a secret that has floated up from the depths of Drake & Sweeney, from a confidential file that is now in Michael's hands, and from a conspiracy that has already taken lives. Now Michael's former partners are about to become his bitter enemies. Because to them, Michael Brock is the most dangerous man on the streets.... |
| 650 ## - SUBJECT ADDED ENTRY--TOPICAL TERM | |
| Topical term or geographic name entry element | Washington --Fiction |
| 9 (RLIN) | 37770 |
| 700 ## - ADDED ENTRY--PERSONAL NAME | |
| Personal name | GRISHAM (John) |
| 9 (RLIN) | 37771 |
| 942 ## - ADDED ENTRY ELEMENTS (KOHA) | |
| Source of classification or shelving scheme | Dewey Decimal Classification |
| Koha item type | George Fernandes Collections |
| Withdrawn status | Lost status | Source of classification or shelving scheme | Damaged status | Not for loan | Collection code | Home library | Current library | Date acquired | Total Checkouts | Full call number | Barcode | Date last seen | Price effective from | Koha item type |
|---|---|---|---|---|---|---|---|---|---|---|---|---|---|---|
| Dewey Decimal Classification | English | St Aloysius Library | St Aloysius Library | 03/24/2013 | 813.54 GRIS | GF02377 | 05/18/2022 | 05/18/2022 | George Fernandes Collections |